000 01025nam a22001817a 4500
999 _c60360
_d60360
003 Ge_BSU
005 20230703170534.0
008 230703s2007ge xxu||||| |||| 00| 0 geo d
020 _a9789994031894.
041 _ageo
080 _a811.342.1 + 003.343 გ-70
100 _aგორდეზიანი , რისმაგ
_919158
245 _aMediterranea-Kartvelica = მედიტერანულ-ქართველური მიმართებები :
_b ტომი III :ეტრუსკული. დასკვნითი კომენტარები /
_cრისმაგ გორდეზიანი.
264 _aთბილისი :
_bლოგოსი,
_c2007.
300 _a 497 გვ.:
_b23 სმ.
_cილ. შავ–თეთრი
653 _aეტრუსკულისა და ქართველურის შედარება. ეტრუსკული დამწერლობა. ეტრუსკული ენა.
942 _2udc
_cBK